Most Catholic Nations - Statistics

General Stats
  • This quiz has been taken 411 times
  • The average score is 15 of 25
Answer Stats
Hint Answer % Correct
Europe 87.8% Italy
94%
Europe 100% Vatican City
93%
North America 82.7% Mexico
79%
South America 76.5% Argentina
78%
Europe 86.7% Poland
78%
Europe 88.1% Portugal
78%
Europe 95% San Marino
78%
South America 75% Colombia
74%
South America 81.3% Peru
71%
Europe 90% Monaco
70%
South America 79% Venezuela
67%
Europe 94% Andorra
66%
Europe 83.63% Ireland
64%
South America 76% Bolivia
61%
South America 88% Paraguay
60%
Europe 93.89% Malta
59%
Asia 80.6% Philippines
56%
Europe 76.2% Liechtenstein
53%
Europe 86.54% Croatia
50%
North America 80.44% Haiti
34%
Europe 77.2% Lithuania
34%
Asia 88.84% East Timor
28%
Africa 92.64% Cape Verde
22%
Africa 85% Seychelles
18%
Africa 87% Equatorial Guinea
15%
No matching quizzes found
Score Distribution
Percent of People with Each Score
Percentile by Number Answered
Your Score History
You have not taken this quiz